<?xml version="1.0" encoding="UTF-8"?>
<record
    xmlns:xsi="http://www.w3.org/2001/XMLSchema-instance"
    xsi:schemaLocation="http://www.loc.gov/MARC21/slim http://www.loc.gov/standards/marcxml/schema/MARC21slim.xsd"
    xmlns="http://www.loc.gov/MARC21/slim">

  <leader>00688nam a2200169   4500</leader>
  <controlfield tag="003">LK-CoMWRAF</controlfield>
  <controlfield tag="005">20240118122530.0</controlfield>
  <controlfield tag="008">231217b        |||||||| |||| 00| 0 eng d</controlfield>
  <datafield tag="040" ind1=" " ind2=" ">
    <subfield code="a">LK-CoMWRAF</subfield>
    <subfield code="d">LK-CoMWRAF</subfield>
    <subfield code="e">LK-CoMWRAF</subfield>
  </datafield>
  <datafield tag="041" ind1=" " ind2=" ">
    <subfield code="a">sin</subfield>
  </datafield>
  <datafield tag="082" ind1=" " ind2=" ">
    <subfield code="a">305.42</subfield>
    <subfield code="b">KAR</subfield>
  </datafield>
  <datafield tag="100" ind1=" " ind2=" ">
    <subfield code="a">&#xD9A;&#xDBB;&#xDD2;&#xDBD;&#xDCA;&#xDBD;&#xDDD;, &#xDBB;&#xDDC;&#xD9A;&#xDCA;&#xDC3;&#xDCF;&#xDB1;&#xDCF; </subfield>
  </datafield>
  <datafield tag="245" ind1=" " ind2=" ">
    <subfield code="a">&#xD9A;&#xDCF;&#xDB1;&#xDCA;&#xDAD;&#xDCF;&#xDC0;&#xDB1;&#xDCA;&#xDA7; &#xDC0;&#xDD2;&#xDBB;&#xDD4;&#xDAF;&#xDCA;&#xDB0; &#xDB4;&#xDCA;&#x200D;&#xDBB;&#xDA0;&#xDAB;&#xDCA;&#xDA9;&#xDAD;&#xDCA;&#xDC0;&#xDBA;   &#xDC3;&#xD82;&#xDC0;&#xDBB;&#xDCA; &#xDB0;&#xDB1;&#xDBA;&#xDA7; &#xDB6;&#xDCF;&#xDB0;&#xDCF;&#xDC0;&#xD9A;&#xDCA; </subfield>
  </datafield>
  <datafield tag="246" ind1=" " ind2=" ">
    <subfield code="a">Kanthawanta wirudhdha prachandathwaya sanwardhanayata badhawak</subfield>
  </datafield>
  <datafield tag="260" ind1=" " ind2=" ">
    <subfield code="a">&#xDB1;&#xDDC;&#xDC5;&#xDB9; :</subfield>
    <subfield code="b">&#xDC3;&#xDB8;&#xDCF;&#xDA2; &#xDC0;&#xDD2;&#xDAF;&#xDCA;&#x200D;&#xDBA;&#xDCF;&#xDA5;&#xDBA;&#xDD2;&#xDB1;&#xD9C;&#xDDA; &#xDC3;&#xD82;&#xD9C;&#xDB8;&#xDBA;,</subfield>
    <subfield code="c">1995</subfield>
  </datafield>
  <datafield tag="942" ind1=" " ind2=" ">
    <subfield code="c">BK</subfield>
  </datafield>
  <datafield tag="952" ind1=" " ind2=" ">
    <subfield code="0">0</subfield>
    <subfield code="1">0</subfield>
    <subfield code="4">0</subfield>
    <subfield code="7">0</subfield>
    <subfield code="a">MAIN</subfield>
    <subfield code="b">MAIN</subfield>
    <subfield code="d">2023-12-17</subfield>
    <subfield code="l">0</subfield>
    <subfield code="o">305.42 KAR</subfield>
    <subfield code="p">RAF4899</subfield>
    <subfield code="r">2023-12-17</subfield>
    <subfield code="w">2023-12-17</subfield>
    <subfield code="y">BK</subfield>
  </datafield>
  <datafield tag="999" ind1=" " ind2=" ">
    <subfield code="c">4511</subfield>
    <subfield code="d">4511</subfield>
  </datafield>
</record>
